NeuralSource : the bibliographic guide to artificial neural networks /

Guardado en:
Detalles Bibliográficos
Autor principal: Wasserman, Philip D., 1937-
Otros Autores: Oetzel, Roberta M.
Formato: Libro
Lenguaje:English
Publicado: New York : Van Nostrand Reinhold, c1990.
Materias:
LEADER 01098nam a2200277 a 4500
001 c000015998
003 CARM
005 00000000000000.0
008 890911s1990 nyu b 00110 eng
019 1 |a 6779524  |5 LACONCORD2021 
020 |a 0442237766 
035 |a (OCoLC)20421545  |5 LACONCORD2021 
050 0 0 |a Z7405.A7  |b W37 1990  |a Q335 
082 0 0 |a 016.0063  |2 20 
100 1 |a Wasserman, Philip D.,  |d 1937- 
245 1 0 |a NeuralSource :  |b the bibliographic guide to artificial neural networks /  |c Philip D. Wasserman and Roberta M. Oetzel. 
260 |a New York :  |b Van Nostrand Reinhold,  |c c1990. 
300 |a vii, 1014 p. ;  |c 29 cm. 
650 0 |a Artificial intelligence  |x Bibliography. 
650 0 |a Neural computers  |x Bibliography. 
650 0 |a Neural networks (Computer science)  |x Bibliography. 
700 1 |a Oetzel, Roberta M. 
740 0 1 |a Neural source. 
852 8 |b CARM  |h A2:AP27D0  |i D04638  |p 0196199  |f BK 
999 f f |i 7abb7133-e6e2-534e-af03-0fe9277a99e8  |s f56180d7-1693-59b3-a5e2-72ae2da0b118 
952 f f |p Can circulate  |a CAVAL  |b CAVAL  |c CAVAL  |d CARM 1 Store  |e D04638  |f A2:AP27D0  |h Other scheme  |i book  |m 0196199